[Event "European Rapid 2011"]
[Site "Warsaw POL"]
[Date "2011.12.17"]
[Round "3"]
[White "Baliasnyj, Timur"]
[Black "Nyzhnyk, Illya"]
[Result "0-1"]
[BlackTitle "GM"]
[WhiteElo "2224"]
[BlackElo "2562"]
[WhiteFideId "12802719"]
[BlackFideId "14118084"]
[EventDate "2011.12.17"]

1. c4 Nf6 2. g3 g6 3. Bg2 Bg7 4. Nf3 O-O 5. O-O d6 6. Nc3 Nc6 7. d3 a6 8. Rb1
Rb8 9. Bg5 Bd7 10. Nd5 Nxd5 11. cxd5 Nb4 12. Qb3 a5 13. a3 Na6 14. Rfc1 c6 15.
dxc6 Bxc6 16. Qc4 Nc7 17. Qh4 Re8 18. Bh6 Bf6 19. Bg5 Bh8 20. b4 axb4 21. axb4
Qd7 22. Be3 Ne6 23. d4 Bf6 24. Ng5 Bxg5 25. Bxg5 Bxg2 26. Kxg2 Qb5 27. Bh6 Qd5+
28. e4 Qxd4 29. Be3 Qe5 30. Rd1 Rbc8 31. Rd5 Qc3 32. Rbd1 Qxb4 33. Bd4 0-1

[Event "European Rapid 2011"]
[Site "Warsaw POL"]
[Date "2011.12.17"]
[Round "3"]
[White "Antoniewski, Rafal"]
[Black "Gerasimenyk, M."]
[Result "1-0"]
[WhiteTitle "GM"]
[BlackTitle "FM"]
[WhiteElo "2559"]
[BlackElo "2225"]
[WhiteFideId "1111078"]
[BlackFideId "14111845"]
[EventDate "2011.12.17"]

1. e4 e6 2. d4 d5 3. Nd2 dxe4 4. Nxe4 Nf6 5. Nxf6+ gxf6 6. c3 Nc6 7. Nf3 Qd5 8.
Qb3 Qe4+ 9. Be3 b6 10. Nd2 Qf5 11. Qc4 Qd5 12. Qxd5 exd5 13. Bf4 Kd8 14. Bd3 Be6
15. O-O-O Kd7 16. Rde1 Bd6 17. Bxd6 Kxd6 18. Re3 Rhg8 19. g3 f5 20. Rhe1 Rg4 21.
Be2 Rg6 22. Nf3 Rh6 23. Bd3 Rg8 24. Nh4 Ne7 25. Rf3 Rg5 26. Re5 Rxh4 27. gxh4
Rg2 28. Rh3 Ng6 29. Re1 Rxf2 1-0

[Event "European Rapid 2011"]
[Site "Warsaw POL"]
[Date "2011.12.17"]
[Round "3"]
[White "Gritsak, Orest"]
[Black "Lewicki, Miroslaw"]
[Result "1/2-1/2"]
[WhiteTitle "GM"]
[BlackTitle "CM"]
[WhiteElo "2548"]
[BlackElo "2222"]
[WhiteFideId "14102188"]
[BlackFideId "1113380"]
[EventDate "2011.12.17"]

1. Nf3 c5 2. c4 Nc6 3. Nc3 g6 4. e3 Bg7 5. d4 cxd4 6. exd4 d6 7. Be2 Nh6 8. d5
Ne5 9. Nxe5 dxe5 10. O-O O-O 11. Re1 Nf5 12. Bd3 b6 13. a4 a5 14. Bg5 h6 15. Bd2
e6 16. Be4 exd5 17. Bxd5 Rb8 18. Nb5 Bb7 19. Bc3 Nd4 20. Nxd4 Bxd5 21. Nf5 gxf5
22. cxd5 e4 23. Bxg7 Kxg7 24. f3 Re8 25. fxe4 fxe4 26. Qg4+ Qg5 27. Rxe4 Rxe4
28. Qxe4 Rd8 29. Rd1 Rd6 30. Qd4+ Kg6 31. g3 Kh7 32. Kg2 Kg6 33. Rd3 Qf5 34. Rd2 1/2-1/2

[Event "European Rapid 2011"]
[Site "Warsaw POL"]
[Date "2011.12.17"]
[Round "3"]
[White "Tomczak, Jacek"]
[Black "Lind, Jan-Olof"]
[Result "1-0"]
[WhiteTitle "IM"]
[WhiteElo "2544"]
[BlackElo "2219"]
[WhiteFideId "1124668"]
[BlackFideId "1701193"]
[EventDate "2011.12.17"]

1. e4 c5 2. Nf3 e6 3. d4 cxd4 4. Nxd4 a6 5. Bd3 Nc6 6. Nxc6 dxc6 7. O-O Bd6 8.
f4 e5 9. f5 Nf6 10. Qf3 b5 11. a4 Bb7 12. Be3 Qe7 13. Nd2 Bc5 14. Nb3 Bxe3+ 15.
Qxe3 O-O 16. Qc5 Qc7 17. Qc3 Qb6+ 18. Kh1 Nd7 19. Qa5 Qxa5 20. Nxa5 Rab8 21.
Rfd1 Nc5 22. axb5 axb5 23. b4 Na4 24. Nb3 Ra8 25. Rf1 f6 26. Kg1 Ra7 27. Kf2
Rfa8 28. Ke3 Nc3 29. Kd2 Na4 30. c4 bxc4 31. Bxc4+ Kf8 32. Rfc1 Ke7 1-0

[Event "European Rapid 2011"]
[Site "Warsaw POL"]
[Date "2011.12.17"]
[Round "3"]
[White "Jarmula, Pawel"]
[Black "Jaracz, Pawel"]
[Result "0-1"]
[BlackTitle "GM"]
[WhiteElo "2214"]
[BlackElo "2542"]
[WhiteFideId "1146211"]
[BlackFideId "1102222"]
[EventDate "2011.12.17"]

1. e4 c5 2. Nf3 e6 3. b3 a6 4. Bb2 Nc6 5. c4 Qc7 6. Be2 Nf6 7. Nc3 Bd6 8. d4
cxd4 9. Nxd4 O-O 10. g3 Bc5 11. Nc2 b6 12. Na4 Nxe4 13. Nxc5 bxc5 14. Bd3 f5 15.
f3 Nf6 16. Qd2 Ne5 17. Be2 Bb7 18. Qe3 Ng6 19. Kf2 f4 20. gxf4 Nxf4 21. Bxf6
Rxf6 22. Raf1 Raf8 23. Ne1 Rf5 24. Bd1 Qd6 25. Nc2 Re5 26. Qc3 Nd3+ 0-1

[Event "European Rapid 2011"]
[Site "Warsaw POL"]
[Date "2011.12.17"]
[Round "3"]
[White "Durarbeyli, Vasif"]
[Black "Ilarionovs, Dmitrijs"]
[Result "1-0"]
[WhiteTitle "GM"]
[WhiteElo "2539"]
[BlackElo "2211"]
[WhiteFideId "13402935"]
[BlackFideId "11601850"]
[EventDate "2011.12.17"]

1. e4 c5 2. Nf3 d6 3. d4 cxd4 4. Nxd4 Nf6 5. Nc3 Nc6 6. Bg5 e6 7. Qd2 Be7 8.
O-O-O O-O 9. f4 Nxd4 10. Qxd4 Qa5 11. e5 dxe5 12. Qxe5 Qxe5 13. fxe5 Nd5 14.
Bxe7 Nxe7 15. Bd3 Ng6 16. Bxg6 hxg6 17. Nb5 b6 18. Rd2 Bb7 19. Nd6 Bc6 20. b3
Rad8 21. Re1 Rd7 22. g3 Rfd8 23. Red1 f6 24. Nc4 Rxd2 25. Rxd2 Rxd2 26. Kxd2 Bb5
27. Nd6 Bd7 28. Ke3 Kf8 29. h4 Ke7 30. Kf4 Kd8 31. g4 Bc6 32. a4 Kd7 33. Nc4 Bd5
34. Ne3 Bc6 35. Nf1 Ke7 36. Ng3 Bd5 37. Ne2 Bc6 38. Nd4 Bd7 39. c4 Be8 40. Nb5
Bxb5 41. axb5 f5 42. b4 Kd7 43. c5 bxc5 44. bxc5 Kc7 45. h5 gxh5 46. gxf5 exf5
47. Kxf5 g6+ 48. Kf4 1-0

[Event "European Rapid 2011"]
[Site "Warsaw POL"]
[Date "2011.12.17"]
[Round "3"]
[White "Gdanski, Jacek"]
[Black "Piesik, Piotr"]
[Result "1-0"]
[WhiteTitle "GM"]
[WhiteElo "2538"]
[BlackElo "2208"]
[WhiteFideId "1100106"]
[BlackFideId "1136194"]
[EventDate "2011.12.17"]

1. e4 e6 2. d4 d5 3. Nc3 dxe4 4. Nxe4 Bd7 5. c4 Nf6 6. Nc3 c5 7. d5 exd5 8. cxd5
Bd6 9. Qe2+ Qe7 10. Bg5 Qxe2+ 11. Bxe2 Be5 12. Bf3 Na6 13. a3 h6 14. Be3 O-O-O
15. Nge2 Bg4 16. Bxg4+ Nxg4 17. h3 Nxe3 18. fxe3 Rhe8 19. O-O Rd7 20. e4 c4 21.
Rac1 Kb8 22. Na4 b5 23. Nac3 Rb7 24. a4 b4 25. Nb5 Nc7 26. Nbd4 Bxd4+ 27. Nxd4
Rxe4 28. Rxc4 Re8 29. Nc6+ Ka8 30. Na5 Nxd5 31. Nxb7 Ne3 32. Nd6 Rd8 33. Rxf7
Nxc4 34. Nxc4 Rd4 35. Na5 Rd1+ 36. Kh2 Kb8 37. Nc6+ 1-0

[Event "European Rapid 2011"]
[Site "Warsaw POL"]
[Date "2011.12.17"]
[Round "3"]
[White "Chalupnik, Marcin"]
[Black "Sergeev, Vladimir"]
[Result "0-1"]
[BlackTitle "GM"]
[WhiteElo "2205"]
[BlackElo "2526"]
[WhiteFideId "1102346"]
[BlackFideId "14101076"]
[EventDate "2011.12.17"]

1. c4 Nf6 2. Nc3 g6 3. g3 c6 4. Bg2 Bg7 5. e3 O-O 6. Nge2 d6 7. O-O Bf5 8. d3
Qc8 9. Re1 Bh3 10. Bh1 Bg4 11. f3 Bd7 12. d4 Qc7 13. e4 a6 14. Be3 e5 15. Rc1
Re8 16. Bf2 Bc8 17. Qd2 Nbd7 18. Red1 b6 19. b4 Bb7 20. a3 Rad8 21. Bg2 Qb8 22.
d5 c5 23. b5 Qc7 24. Be3 Rf8 25. Kh1 Ra8 26. Bh6 Bxh6 27. Qxh6 Kh8 28. Bh3 Ng8
29. Qe3 Rae8 30. Qd3 a5 31. Rf1 Bc8 32. Nd1 Ndf6 33. Bxc8 Qxc8 34. Ne3 Nh5 35.
Rf2 Ng7 36. Rcf1 Re7 37. Nc3 Rfe8 38. Qc2 Nf6 39. Qd2 Qc7 40. Ng2 Nd7 41. Nh4
Qd8 42. Qg5 Kg8 43. Kg1 f6 44. Qd2 Rf7 45. Kh1 Ref8 46. Kg1 Qe7 47. Kh1 Re8 48.
Kg1 f5 49. exf5 gxf5 50. f4 e4 51. Re2 Qf6 52. Nd1 Qd4+ 53. Ne3 Nf8 54. Rd1 Qf6
55. Kh1 Ng6 56. Neg2 Rfe7 57. Qb2 Qf7 58. Rde1 Kf8 59. Kg1 Rd8 60. Kh1 Rdd7 61.
Kg1 Ke8 62. Kf2 Kd8 63. Ke3 Kc7 64. Kd2 Rd8 65. Kc1 Rg8 66. Kb1 Rf8 67. Qc3 Qe8 0-1

[Event "European Rapid 2011"]
[Site "Warsaw POL"]
[Date "2011.12.17"]
[Round "4"]
[White "Volokitin, Andrei"]
[Black "Gdanski, Jacek"]
[Result "1-0"]
[WhiteTitle "GM"]
[BlackTitle "GM"]
[WhiteElo "2695"]
[BlackElo "2538"]
[WhiteFideId "14107090"]
[BlackFideId "1100106"]
[EventDate "2011.12.17"]

1. e4 e6 2. d4 d5 3. Nc3 Bb4 4. e5 Ne7 5. a3 Bxc3+ 6. bxc3 c5 7. Qg4 Qc7 8. Qxg7
Rg8 9. Qxh7 cxd4 10. Ne2 Nbc6 11. f4 dxc3 12. Qd3 Bd7 13. Nxc3 a6 14. Ne2 Rc8
15. Rb1 Na7 16. Be3 Bb5 17. Qd2 Nac6 18. Ng3 Bxf1 19. Bb6 Qd7 20. Nh5 Rg6 21.
Rxf1 d4 22. Nf6+ Rxf6 23. exf6 Nf5 24. Qd3 Qd5 25. Qf3 Qc4 26. Qb3 Qxb3 27. Rxb3
Kd7 28. Rf2 Rg8 29. h3 Ng3 30. Rff3 Ne4 31. g4 Nxf6 32. Bxd4 Nxd4 33. Rfd3 b5
34. Rxd4+ Kc6 35. Rc3+ Kb7 36. a4 Nd5 37. Rb3 Kb6 38. Kf2 Rc8 39. c4 Kc5 40.
Rxd5+ exd5 41. cxb5 Rb8 42. bxa6 Ra8 43. Rb5+ Kc4 44. Rb6 d4 45. Ke2 Kc5 46. a5 1-0

[Event "European Rapid 2011"]
[Site "Warsaw POL"]
[Date "2011.12.17"]
[Round "4"]
[White "Sergeev, Vladimir"]
[Black "Potkin, Vladimir"]
[Result "0-1"]
[WhiteTitle "GM"]
[BlackTitle "GM"]
[WhiteElo "2526"]
[BlackElo "2684"]
[WhiteFideId "14101076"]
[BlackFideId "4131061"]
[EventDate "2011.12.17"]

1. d4 d5 2. Bf4 Nf6 3. e3 c5 4. c3 Nc6 5. Nd2 Qb6 6. Qb3 c4 7. Qc2 Bg4 8. Ngf3
e6 9. h3 Bf5 10. Qc1 Rc8 11. g4 Bg6 12. Nh4 Be7 13. Nxg6 hxg6 14. Bg2 Qd8 15.
Qc2 b5 16. a3 a5 17. Bg3 g5 18. Qd1 Bd6 19. Bxd6 Qxd6 20. e4 Qf4 21. Qf3 Qxf3
22. Bxf3 Ne7 23. Ke2 Ng6 24. Ke3 Ke7 25. Rab1 Rh6 26. Nf1 Rch8 27. exd5 Rxh3 28.
Rxh3 Rxh3 29. Ng3 Nxd5+ 30. Bxd5 exd5 31. b3 Nf4 32. bxc4 bxc4 33. Rb7+ Ke6 34.
Rb6+ Kd7 35. Rb7+ Kc6 36. Rxf7 g6 37. a4 Rh8 38. Rf6+ Kd7 39. Ra6 Rb8 40. Rxa5
Rb2 41. Ra8 Rc2 42. a5 Rxc3+ 43. Kd2 Ra3 44. Kc2 Kc7 45. a6 Kb6 46. Rb8+ Ka7 47.
Rb2 Kxa6 48. Kb1 Rd3 49. Ne2 0-1

[Event "European Rapid 2011"]
[Site "Warsaw POL"]
[Date "2011.12.17"]
[Round "4"]
[White "Stupak, Kirill"]
[Black "Azarov, Sergei"]
[Result "1/2-1/2"]
[WhiteTitle "GM"]
[BlackTitle "GM"]
[WhiteElo "2503"]
[BlackElo "2667"]
[WhiteFideId "13503758"]
[BlackFideId "13501470"]
[EventDate "2011.12.17"]

1. d4 Nf6 2. g3 g6 3. Bg2 d5 4. c4 Bg7 5. Nf3 O-O 6. O-O dxc4 7. Na3 c3 8. bxc3
c5 9. e3 Nc6 10. Qe2 Bf5 11. Rd1 Be4 12. Bb2 Qa5 13. Nc4 Qa6 14. Bf1 Rac8 15.
Ncd2 Qxe2 16. Bxe2 Bf5 17. Ba3 b6 18. Rdc1 Na5 19. Nb3 Nxb3 20. axb3 Ne4 21. Bb2
a5 22. Bc4 Rfd8 23. Kg2 e5 24. Rd1 cxd4 25. cxd4 b5 26. Bd3 Nxf2 27. Kxf2 e4 28.
Bb1 exf3 29. Bxf5 gxf5 30. Rd2 Bf8 31. Kxf3 Bb4 32. Rf2 Rc6 33. Kf4 Rd5 34. Rc1
Re6 35. Rc8+ Kg7 36. Rfc2 h6 37. Kf3 Be7 1/2-1/2

[Event "European Rapid 2011"]
[Site "Warsaw POL"]
[Date "2011.12.17"]
[Round "4"]
[White "Kryvoruchko, Yuriy"]
[Black "Neiksans, Arturs"]
[Result "0-1"]
[WhiteTitle "GM"]
[BlackTitle "IM"]
[WhiteElo "2666"]
[BlackElo "2502"]
[WhiteFideId "14109182"]
[BlackFideId "11601388"]
[EventDate "2011.12.17"]

1. e4 c5 2. Nf3 e6 3. c3 Nf6 4. e5 Nd5 5. d4 cxd4 6. cxd4 Nc6 7. Bc4 d6 8. O-O
Be7 9. Bd2 O-O 10. Nc3 dxe5 11. dxe5 Nb6 12. Bb3 Nd4 13. Nxd4 Qxd4 14. Qe2 Bd7
15. Rfd1 Bc6 16. Bg5 Qb4 17. Bxe7 Qxe7 18. Ne4 Rad8 19. Qg4 h6 20. h4 Rxd1+ 21.
Rxd1 Rd8 22. Rxd8+ Qxd8 23. Nd6 Qd7 24. f4 Bd5 25. f5 Kf8 26. f6 gxf6 27. Qb4
Qe7 28. exf6 Qxf6 29. Ne4+ Qe7 30. Qc3 Qxh4 31. Nd6 Qg5 32. Bxd5 Nxd5 33. Qh8+
Ke7 34. Nxb7 Qc1+ 35. Kh2 Qc7+ 36. Kg1 Qxb7 37. Qxh6 Qxb2 38. Qg5+ Kd7 39. Qg8
Qa1+ 40. Kh2 Qe5+ 41. Kg1 Qe3+ 42. Kh2 Qf4+ 43. Kg1 Ne3 0-1

[Event "European Rapid 2011"]
[Site "Warsaw POL"]
[Date "2011.12.17"]
[Round "4"]
[White "Korobov, Anton"]
[Black "Bryzgalin, Kirill"]
[Result "1-0"]
[WhiteTitle "GM"]
[BlackTitle "GM"]
[WhiteElo "2660"]
[BlackElo "2467"]
[WhiteFideId "14105730"]
[BlackFideId "4133285"]
[EventDate "2011.12.17"]

1. d4 d5 2. c4 c6 3. Nc3 Nf6 4. Nf3 a6 5. Bg5 Ne4 6. h4 Nd7 7. e3 Ndf6 8. Bd3 h6
9. Bxf6 Nxf6 10. Ne5 e6 11. c5 Nd7 12. f4 b6 13. cxb6 Qxb6 14. O-O Be7 15. Na4
Qc7 16. Qg4 O-O 17. Rac1 Nxe5 18. fxe5 Qa5 19. Nc3 Rb8 20. Rf6 Kh8 21. Rcf1 Bxf6
22. exf6 Rg8 23. Qh5 Rb7 24. Rf3 Qd8 25. b3 Qf8 26. Na4 g6 27. Qe5 c5 28. Nxc5
Rb6 29. Qf4 a5 30. Rg3 Rc6 31. Bb5 Rb6 32. a4 Kh7 33. h5 1-0

[Event "European Rapid 2011"]
[Site "Warsaw POL"]
[Date "2011.12.17"]
[Round "4"]
[White "Leniart, Arkadiusz"]
[Black "Timofeev, Artyom"]
[Result "1-0"]
[WhiteTitle "IM"]
[BlackTitle "GM"]
[WhiteElo "2455"]
[BlackElo "2659"]
[WhiteFideId "1124226"]
[BlackFideId "4140419"]
[EventDate "2011.12.17"]

1. e4 e6 2. d4 d5 3. Nc3 Nc6 4. Nf3 Nf6 5. e5 Ne4 6. Ne2 f6 7. Ng3 fxe5 8. dxe5
Be7 9. Bb5 Bd7 10. Bxc6 Bxc6 11. Nd4 Qd7 12. Qg4 Bc5 13. Nxe4 Bxd4 14. Ng3 Bc5
15. Nh5 O-O-O 16. Qxg7 Qxg7 17. Nxg7 Rdf8 18. f4 Kd7 19. Nh5 d4 20. Nf6+ Rxf6
21. exf6 Rg8 22. Bd2 Bxg2 23. Rg1 d3 24. f7 Rg6 25. Be3 Bd6 26. Kf2 Bd5 27. Rxg6
hxg6 28. cxd3 Ke7 29. b3 b6 30. h4 Kxf7 31. Rg1 a5 32. Kg3 b5 33. Bd4 a4 34. Rb1
axb3 35. axb3 c5 36. Be5 Be7 37. Kg4 Ke8 38. h5 gxh5+ 39. Kxh5 Bf3+ 40. Kg6 Be2
41. Ra1 Bxd3+ 42. Kg7 Be4 43. Ra5 b4 1-0

[Event "European Rapid 2011"]
[Site "Warsaw POL"]
[Date "2011.12.17"]
[Round "4"]
[White "Bartel, Mateusz"]
[Black "Kuzmicz, Krystian"]
[Result "1-0"]
[WhiteTitle "GM"]
[BlackTitle "IM"]
[WhiteElo "2653"]
[BlackElo "2451"]
[WhiteFideId "1112635"]
[BlackFideId "1119125"]
[EventDate "2011.12.17"]

1. e4 g6 2. d4 Bg7 3. Nf3 c6 4. h3 d5 5. e5 Nh6 6. c4 Be6 7. Ng5 Bf5 8. Nc3 f6
9. Nf3 Be6 10. cxd5 Bxd5 11. Nxd5 Qxd5 12. exf6 exf6 13. Qc2 Qe6+ 14. Be2 Nd7
15. O-O Nb6 16. a4 O-O 17. a5 Nd5 18. Bc4 Nf5 19. Bf4 Kh8 20. Qb3 Qd7 21. Bxd5
cxd5 22. Rac1 Rac8 23. Qb4 Ne7 24. Rc5 Rxc5 25. Qxc5 a6 26. Re1 Nc6 27. Nd2 Rc8
28. Qb6 Bf8 29. Nb3 Be7 30. Nc5 Bxc5 31. Qxc5 Qd8 32. Re6 Nxa5 33. Rd6 Qe8 34.
Qxa5 g5 35. Be3 1-0

[Event "European Rapid 2011"]
[Site "Warsaw POL"]
[Date "2011.12.17"]
[Round "4"]
[White "Kovalev, Vladislav"]
[Black "Zhigalko, Sergei"]
[Result "1-0"]
[WhiteTitle "FM"]
[BlackTitle "GM"]
[WhiteElo "2446"]
[BlackElo "2651"]
[WhiteFideId "13504398"]
[BlackFideId "13502956"]
[EventDate "2011.12.17"]

1. e4 c5 2. Nf3 d6 3. d4 cxd4 4. Nxd4 Nf6 5. Nc3 a6 6. Be3 e5 7. Nb3 Be7 8. Qd2
Ng4 9. Nd5 Nxe3 10. Qxe3 Be6 11. Rd1 O-O 12. Be2 Nd7 13. O-O Bg5 14. Qd3 Rc8 15.
c3 Kh8 16. Bf3 g6 17. Rfe1 b5 18. Ne3 Bxe3 19. Qxe3 Nb6 20. Na5 Na4 21. Nb7 Qc7
22. Nxd6 Rcd8 23. Qh6 Qe7 24. b3 Nxc3 25. Rd3 b4 26. Qd2 a5 27. a3 Bxb3 28. axb4
axb4 29. h4 Be6 30. h5 Rd7 31. hxg6 fxg6 32. Qb2 1-0

[Event "European Rapid 2011"]
[Site "Warsaw POL"]
[Date "2011.12.17"]
[Round "4"]
[White "Fraczek, Daniel"]
[Black "Socko, Bartosz"]
[Result "0-1"]
[WhiteTitle "FM"]
[BlackTitle "GM"]
[WhiteElo "2412"]
[BlackElo "2635"]
[WhiteFideId "1124285"]
[BlackFideId "1107038"]
[EventDate "2011.12.17"]

1. Nf3 Nf6 2. c4 e6 3. Nc3 d5 4. d4 c5 5. cxd5 Nxd5 6. e4 Nxc3 7. bxc3 cxd4 8.
cxd4 Bb4+ 9. Bd2 Bxd2+ 10. Qxd2 O-O 11. Bc4 b6 12. O-O Bb7 13. Rfe1 Nd7 14. Rad1
Rc8 15. Bb3 Qf6 16. h4 Rfd8 17. Qg5 h6 18. Qg3 Rc3 19. e5 Qe7 20. d5 exd5 21.
Bxd5 Bxd5 22. Rxd5 Nf8 23. Rxd8 Qxd8 24. Qg4 Ne6 25. Qa4 Qe7 26. Rd1 Ra3 27. Qc2
Qc5 28. Qd2 Ra4 29. Rc1 Rc4 30. Rxc4 Qxc4 31. a3 Qc5 32. Qd3 b5 33. Qd7 a6 34.
a4 Qc1+ 35. Kh2 Qf4+ 36. Kg1 bxa4 37. Qc8+ Kh7 38. Qxa6 Qc1+ 39. Kh2 a3 40. h5
Qb2 41. Qd3+ Kg8 0-1

[Event "European Rapid 2011"]
[Site "Warsaw POL"]
[Date "2011.12.17"]
[Round "4"]
[White "Romanov, Evgeny"]
[Black "Tregubov, Vadim"]
[Result "1-0"]
[WhiteTitle "GM"]
[WhiteElo "2627"]
[BlackElo "2397"]
[WhiteFideId "4148843"]
[BlackFideId "14119595"]
[EventDate "2011.12.17"]

1. c4 Nf6 2. g3 g6 3. Bg2 d5 4. cxd5 Nxd5 5. Nc3 Nxc3 6. bxc3 Bg7 7. Rb1 O-O 8.
Rxb7 Bxb7 9. Bxb7 Nd7 10. Bxa8 Qxa8 11. Nf3 e5 12. O-O e4 13. Ne1 Qd5 14. Qc2
Ne5 15. d3 exd3 16. Nxd3 Qc4 17. Bf4 Re8 18. Rb1 Nc6 19. Rc1 Re7 20. Be3 h5 21.
Nf4 Na5 22. Qd3 Qc6 23. c4 Rd7 24. Qa3 Nxc4 25. Qb3 Nxe3 26. Rxc6 1-0

[Event "European Rapid 2011"]
[Site "Warsaw POL"]
[Date "2011.12.17"]
[Round "4"]
[White "Pedzich, Dominik"]
[Black "Erdos, Viktor"]
[Result "0-1"]
[WhiteTitle "IM"]
[BlackTitle "GM"]
[WhiteElo "2409"]
[BlackElo "2623"]
[WhiteFideId "1100130"]
[BlackFideId "719978"]
[EventDate "2011.12.17"]

1. e4 e5 2. Nf3 Nc6 3. Nc3 Nf6 4. Bb5 Bc5 5. Nxe5 Nxe5 6. d4 Bd6 7. f4 Neg4 8.
e5 Bb4 9. O-O O-O 10. Bd3 d6 11. exf6 Qxf6 12. Be2 Qh4 13. h3 Nh6 14. Nd5 Ba5
15. Be3 c6 16. Bf2 Qd8 17. Ne3 d5 18. Bd3 Bc7 19. f5 Qd6 20. g3 f6 21. Qf3 Qb4
22. Nd1 Nf7 23. c3 Qb6 24. Rc1 Re8 25. Rc2 Ng5 26. Qg2 Bd7 27. Be3 Ne4 28. Bf4
c5 29. Ne3 Bc6 30. Bxc7 Qxc7 31. Rf4 Nxc3 32. Nf1 Nxa2 33. dxc5 a5 34. Qf2 Nb4
35. Rd2 Re5 36. Be2 Rae8 37. Bf3 Re1 0-1

[Event "European Rapid 2011"]
[Site "Warsaw POL"]
[Date "2011.12.17"]
[Round "4"]
[White "Majdan-Gajewska, Joanna"]
[Black "Sjugirov, Sanan"]
[Result "0-1"]
[WhiteTitle "WGM"]
[BlackTitle "GM"]
[WhiteElo "2386"]
[BlackElo "2622"]
[WhiteFideId "1121979"]
[BlackFideId "4189302"]
[EventDate "2011.12.17"]

1. e4 c5 2. Nf3 Nc6 3. d4 cxd4 4. Nxd4 Nf6 5. Nc3 g6 6. Be3 Bg7 7. Bc4 O-O 8.
Bb3 e6 9. O-O d5 10. exd5 exd5 11. h3 Be6 12. Qd2 Re8 13. Rfe1 Qd7 14. Nxe6 fxe6
15. Bh6 Bxh6 16. Qxh6 a6 17. Qh4 Rf8 18. Na4 Qd6 19. c4 Na5 20. c5 Qc6 21. Bc2
Rae8 22. Rac1 Qc7 23. Re3 e5 24. Rf3 Kg7 25. Nc3 Rd8 26. Rd1 Qe7 27. Re1 Nc6 28.
Ba4 e4 29. Rg3 Qxc5 30. Bxc6 bxc6 31. Ne2 Nh5 32. Rc3 Qb6 33. Rec1 Rc8 34. Qe7+
Rf7 35. Qe5+ Kg8 36. Nd4 Qxb2 37. R3c2 Qb8 38. Qxb8 Rxb8 39. Rxc6 Nf4 40. Rxa6
Rb4 41. Rc8+ Kg7 42. Nc2 Rb1+ 43. Kh2 Nd3 44. Nd4 Rb2 0-1

[Event "European Rapid 2011"]
[Site "Warsaw POL"]
[Date "2011.12.17"]
[Round "4"]
[White "Mastrovasilis, Dimitrios"]
[Black "Klim, Kamil"]
[Result "0-1"]
[WhiteTitle "GM"]
[WhiteElo "2621"]
[BlackElo "2381"]
[WhiteFideId "4202694"]
[BlackFideId "1130633"]
[EventDate "2011.12.17"]

1. e4 c5 2. Nf3 Nc6 3. d4 cxd4 4. Nxd4 Nf6 5. Nc3 d6 6. Bg5 e6 7. Qd2 a6 8.
O-O-O Bd7 9. f4 b5 10. Bxf6 gxf6 11. Nf3 h5 12. Kb1 b4 13. Ne2 Rc8 14. Ned4 Qb6
15. g3 Nxd4 16. Nxd4 h4 17. Rg1 a5 18. gxh4 Rc5 19. Be2 Ba4 20. h5 Bh6 21. Nb3
Bxb3 22. axb3 Ke7 23. Rdf1 Ra8 24. Qd4 a4 25. e5 axb3 26. Qxd6+ Qxd6 27. exd6+
Kxd6 28. cxb3 Rf5 29. Rg4 Ke7 30. Rh4 Rd8 31. Kc2 Rd4 32. Bd3 Rfxf4 33. Rfxf4
Rxf4 34. Rxf4 Bxf4 35. h3 f5 36. Bb5 Kf6 37. Kd3 Bd6 38. h6 Kg6 39. Be8 e5 40.
Kc4 e4 41. Kd5 Bf8 42. h7 Kxh7 43. Bxf7 Kg7 44. Bh5 Kf6 45. h4 Bh6 46. Be2 Bc1
47. Kc4 Ke5 48. Kxb4 f4 49. Kc3 f3 50. Bc4 e3 0-1

[Event "European Rapid 2011"]
[Site "Warsaw POL"]
[Date "2011.12.17"]
[Round "4"]
[White "Gajewski, Grzegorz"]
[Black "Schmidt, Wlodzimierz"]
[Result "1/2-1/2"]
[WhiteTitle "GM"]
[BlackTitle "GM"]
[WhiteElo "2616"]
[BlackElo "2378"]
[WhiteFideId "1116207"]
[BlackFideId "1100041"]
[EventDate "2011.12.17"]

1. c4 g6 2. Nc3 c5 3. Nf3 Bg7 4. d4 cxd4 5. Nxd4 Nc6 6. Nc2 Bxc3+ 7. bxc3 Nf6 8.
f3 d6 9. e4 O-O 10. Be2 Be6 11. Nd4 Bd7 12. O-O Rc8 13. Rb1 Na5 14. Rb4 b6 15.
Bh6 Re8 16. Nc2 Be6 17. Ne3 Rc5 18. g4 Qc7 19. g5 Nd7 20. f4 f6 21. f5 Bf7 22.
Nd5 Bxd5 23. exd5 Nxc4 24. fxg6 hxg6 25. Bg4 Nf8 26. Bxf8 Rxf8 27. Be6+ Kg7 28.
Qd3 Ne5 29. Qh3 Rh8 30. Rh4 Qd8 31. Qg3 Rxc3 32. Qxc3 Rxh4 33. gxf6+ exf6 34.
Kh1 g5 35. Qb2 Qc7 36. Rc1 Rc4 37. Rf1 Rc2 38. Qa3 Qc4 39. Qxa7+ Kh6 40. Rxf6+
Ng6 41. Rxg6+ Kxg6 42. Qf7+ Kh6 43. Qf8+ Kh5 44. Qf7+ Kh6 45. Qf6+ Kh5 46. Qf7+ 1/2-1/2

[Event "European Rapid 2011"]
[Site "Warsaw POL"]
[Date "2011.12.17"]
[Round "4"]
[White "Hansen, Mads Smith"]
[Black "Melkumyan, Hrant"]
[Result "1/2-1/2"]
[BlackTitle "GM"]
[WhiteElo "2377"]
[BlackElo "2615"]
[WhiteFideId "1400258"]
[BlackFideId "13302485"]
[EventDate "2011.12.17"]

1. d4 Nf6 2. Bg5 e6 3. e4 h6 4. Bxf6 Qxf6 5. Nf3 d6 6. Nc3 Bd7 7. Qd2 Nc6 8.
O-O-O O-O-O 9. h4 g6 10. Kb1 Bg7 11. Bb5 a6 12. Ba4 Kb8 13. Rhe1 Rhg8 14. Qe3 g5
15. hxg5 hxg5 16. e5 dxe5 17. Nxe5 Qf4 18. Nxd7+ Rxd7 19. Bxc6 bxc6 20. Ne4 Qxe3
21. fxe3 Ka7 22. g4 e5 23. c3 Re7 24. Ng3 Re6 25. Rf1 f6 26. d5 cxd5 27. Rxd5
Rc8 28. Ne4 Re7 29. Rh1 Rf8 30. Ng3 Ref7 31. Kc2 Kb7 32. a4 Kc6 33. c4 Rb8 34.
Rh7 Rh8 35. Rxh8 Bxh8 36. b4 Bg7 37. Kd3 Bf8 38. b5+ axb5 39. axb5+ Kb6 40. Ke4
Bc5 41. Rd8 Rh7 42. Nh5 Rf7 43. Rd3 Ka5 44. Kf5 Kb4 45. Ke6 Kxc4 46. Rd1 Re7+
47. Kxf6 Kxb5 48. Ng3 Rh7 49. Nf5 Rh8 50. Kxg5 Rg8+ 51. Kf6 Rxg4 52. Kxe5 Bb6
53. e4 Bc5 54. Nd4+ Ka6 55. Kd5 Bb6 56. e5 Kb7 57. Nf3 Rg3 58. Rd3 c6+ 59. Ke6
c5 60. Kd5 Kc7 61. e6 Rg8 62. Ne5 Rd8+ 1/2-1/2